[Event "40 Nezhmetdinov Memorial"]
[Site "Kazan"]
[Date "2018.09.18"]
[Round "6.28"]
[White "Zhitnikov, Konstantin"]
[Black "Asatryan, Gor"]
[Result "1-0"]
[WhiteElo "2247"]
[BlackElo "2072"]
[PlyCount "71"]
[EventDate "2018.09.13"]

1. e4 c5 2. Nf3 e6 3. g3 Nc6 4. Bg2 Nf6 5. Qe2 d6 6. O-O Be7 7. c3 O-O 8. d4
cxd4 9. cxd4 d5 10. e5 Ne4 11. Be3 Qb6 12. Rd1 f6 13. exf6 Bxf6 14. Nc3 Nxc3
15. bxc3 Na5 16. Bg5 Bxg5 17. Nxg5 h6 18. Nf3 Nc4 19. Ne5 Nxe5 20. dxe5 Qc7 21.
c4 Rf5 22. f4 Qc5+ 23. Kh1 Qxc4 24. Qxc4 dxc4 25. Rac1 Rf7 26. Rxc4 b5 27. Rd8+
Rf8 28. Rxf8+ Kxf8 29. Rc7 Rb8 30. Rxa7 b4 31. Be4 Kg8 32. Kg1 g5 33. Kf2 g4
34. f5 exf5 35. Bd5+ Kf8 36. e6 1-0

[Event "40 Nezhmetdinov Memorial"]
[Site "Kazan"]
[Date "2018.09.18"]
[Round "6.29"]
[White "Nikitin, Georgy"]
[Black "Shafigullina, Zarina"]
[Result "1/2-1/2"]
[WhiteElo "1763"]
[BlackElo "2242"]
[PlyCount "75"]
[EventDate "2018.09.13"]

1. d4 Nf6 2. c4 e6 3. Nc3 Bb4 4. a3 Bxc3+ 5. bxc3 c5 6. f3 d5 7. Bg5 Qa5 8. Qd2
cxd4 9. Bxf6 gxf6 10. cxd4 Qxd2+ 11. Kxd2 dxc4 12. e4 Nc6 13. Kc3 b5 14. a4 b4+
15. Kxc4 Ba6+ 16. Kb3 Bxf1 17. Rxf1 Rb8 18. Rd1 Kd7 19. Ne2 Na5+ 20. Kb2 b3 21.
Rc1 Rb4 22. Rc5 Nc6 23. Rhc1 Nxd4 24. Nxd4 Rxd4 25. e5 Rb8 26. Rc7+ Ke8 27.
exf6 Rxa4 28. Re7+ Kf8 29. Rcc7 Ra2+ 30. Kb1 Rxg2 31. Rxf7+ Kg8 32. Rxh7 Rg1+
33. Kb2 Rg2+ 34. Kb1 Rg1+ 35. Kb2 Rg2+ 36. Kb1 Rg1+ 37. Kb2 Rg2+ 38. Kb1
1/2-1/2

[Event "40 Nezhmetdinov Memorial"]
[Site "Kazan"]
[Date "2018.09.18"]
[Round "6.30"]
[White "Yadigarov, Aivaz"]
[Black "Glukhov, Alexander"]
[Result "1/2-1/2"]
[WhiteElo "1789"]
[BlackElo "2236"]
[PlyCount "60"]
[EventDate "2018.09.13"]

1. d4 d5 2. Nf3 Nf6 3. c4 c6 4. e3 g6 5. Nc3 Bg7 6. cxd5 cxd5 7. Bd3 Nc6 8. O-O
O-O 9. a3 Bg4 10. h3 Bxf3 11. Qxf3 e5 12. dxe5 Nxe5 13. Qe2 Qb6 14. b4 Rac8 15.
Bb2 Qe6 16. Nb5 Nc4 17. Rac1 Nxb2 18. Qxb2 Ne4 19. Qe2 Qd7 20. Rfd1 Rxc1 21.
Rxc1 a6 22. Nd4 Bxd4 23. exd4 Re8 24. Re1 b5 25. f3 Nf6 26. Qd2 Rxe1+ 27. Qxe1
Ne8 28. Qe5 f6 29. Qb8 Kf7 30. Qa8 Qe6 1/2-1/2

[Event "40 Nezhmetdinov Memorial"]
[Site "Kazan"]
[Date "2018.09.18"]
[Round "6.31"]
[White "Anchutin, Nikita"]
[Black "Garmash, Aliona"]
[Result "1-0"]
[WhiteElo "2221"]
[BlackElo "2067"]
[PlyCount "65"]
[EventDate "2018.09.13"]

1. d4 Nf6 2. Bg5 Ne4 3. Bf4 c5 4. f3 Nf6 5. dxc5 Qa5+ 6. Nc3 Qxc5 7. e4 d6 8.
Qd2 Bd7 9. O-O-O Qa5 10. Kb1 Nc6 11. Bc4 g6 12. Bb3 Bg7 13. g4 Rf8 14. Nge2
O-O-O 15. h4 h5 16. gxh5 Nxh5 17. Be3 Kb8 18. Rhg1 Rc8 19. f4 Be8 20. Qe1 Rh8
21. Qf2 Bh6 22. Rd5 Qd8 23. e5 Ng7 24. exd6 exd6 25. Nb5 Nf5 26. Bxa7+ Ka8 27.
Bb6 Qe7 28. Nbd4 Nxh4 29. Nxc6 Rxc6 30. Qd4 Rxb6 31. Qxb6 Bg7 32. Ra5+ Kb8 33.
Bd5 1-0

[Event "40 Nezhmetdinov Memorial"]
[Site "Kazan"]
[Date "2018.09.18"]
[Round "6.32"]
[White "Gavrilin, Roman"]
[Black "Pogorelskikh, Sergey"]
[Result "0-1"]
[WhiteElo "2054"]
[BlackElo "2202"]
[PlyCount "76"]
[EventDate "2018.09.13"]

1. e4 c5 2. Nf3 d6 3. d4 cxd4 4. Nxd4 Nf6 5. Nc3 Nc6 6. Bg5 e6 7. Qd2 a6 8.
O-O-O Bd7 9. f4 b5 10. e5 dxe5 11. Nxc6 Bxc6 12. Qe1 Qc7 13. fxe5 Nd7 14. Bf4
Rc8 15. Bd3 Nc5 16. Qe2 Be7 17. Ne4 Nxe4 18. Bxe4 Bxe4 19. Qxe4 O-O 20. Kb1
Rfd8 21. Qe2 Qc4 22. Qxc4 Rxc4 23. Rxd8+ Bxd8 24. Bd2 Re4 25. Re1 Rxe1+ 26.
Bxe1 Bc7 27. Bc3 h5 28. Kc1 Kh7 29. Bd4 Kg6 30. Kd2 Kf5 31. b3 Bxe5 32. Bg1 Ke4
33. c3 g5 34. h3 f5 35. Bb6 g4 36. c4 bxc4 37. bxc4 Bd4 38. Bc7 Bc5 0-1

[Event "40 Nezhmetdinov Memorial"]
[Site "Kazan"]
[Date "2018.09.18"]
[Round "6.33"]
[White "Emelianov, Fedor"]
[Black "Yakimova, Mariya"]
[Result "1-0"]
[WhiteElo "2124"]
[BlackElo "1882"]
[PlyCount "57"]
[EventDate "2018.09.13"]

1. d4 f5 2. e4 fxe4 3. Nc3 Nf6 4. Bg5 d5 5. Bxf6 exf6 6. Qh5+ g6 7. Qxd5 Bf5 8.
Bc4 Be7 9. Qxb7 Nd7 10. Nb5 Bb4+ 11. c3 Ba5 12. Nxa7 Nb6 13. Bb3 e3 14. Qc6+
Bd7 15. Qb7 Bf5 16. Nb5 Kd7 17. Rd1 Rb8 18. Qa6 Qe7 19. Nf3 Rhe8 20. Na7 exf2+
21. Kxf2 Qe3+ 22. Kg3 h5 23. Qb5+ Kd8 24. h4 Re4 25. Rhe1 Rg4+ 26. Kh2 Qf4+ 27.
Kh1 Bd7 28. Qc5 Qh6 29. Qe7# 1-0

[Event "40 Nezhmetdinov Memorial"]
[Site "Kazan"]
[Date "2018.09.18"]
[Round "6.34"]
[White "Murzin, Lenar"]
[Black "Filipenko, Alexander V"]
[Result "1/2-1/2"]
[WhiteElo "2007"]
[BlackElo "2245"]
[PlyCount "60"]
[EventDate "2018.09.13"]

1. d4 Nf6 2. c4 e6 3. Nf3 c5 4. d5 exd5 5. cxd5 d6 6. Nc3 g6 7. h3 a6 8. a4 Qe7
9. Bg5 Nbd7 10. e3 Bg7 11. Be2 Rb8 12. Nd2 h6 13. Bh4 g5 14. Bg3 Ne5 15. Qc2 b6
16. h4 Kf8 17. hxg5 hxg5 18. Rxh8+ Bxh8 19. Nf3 Nxf3+ 20. gxf3 Bg7 21. f4 gxf4
22. Bxf4 Nd7 23. O-O-O Ne5 24. Rg1 Qh4 25. Qe4 Qf6 26. Bg5 Qxf2 27. Rf1 Qg3 28.
Bf4 Qh3 29. Rh1 Qf5 30. Qg2 Qg6 1/2-1/2

[Event "40 Nezhmetdinov Memorial"]
[Site "Kazan"]
[Date "2018.09.18"]
[Round "6.35"]
[White "Cervantes Landeiro, Thalia"]
[Black "Pingin, Artem"]
[Result "1-0"]
[WhiteElo "2172"]
[BlackElo "2019"]
[PlyCount "117"]
[EventDate "2018.09.13"]

1. d4 d5 2. c4 e6 3. Nc3 c6 4. cxd5 exd5 5. Qc2 Bd6 6. Nf3 Ne7 7. Bg5 f6 8. Bh4
Bf5 9. Qd2 Nd7 10. e3 O-O 11. Bg3 Nb6 12. Nh4 Be6 13. Bd3 Nbc8 14. Qc2 f5 15.
Nf3 Ng6 16. O-O-O b5 17. Ne5 Bxe5 18. Bxe5 Nxe5 19. dxe5 Ne7 20. Ne2 c5 21.
Bxb5 Qb8 22. Nf4 Qxe5 23. Kb1 c4 24. Qc3 Qxc3 25. bxc3 Bf7 26. Ba4 Rab8+ 27.
Ka1 g5 28. Ne2 Kg7 29. Nd4 Kf6 30. Rb1 Bg6 31. f4 h6 32. Rxb8 Rxb8 33. Rb1 Rb6
34. Rxb6+ axb6 35. Bd7 gxf4 36. exf4 h5 37. Kb2 Ng8 38. Be6 Bf7 39. Bxf7 Kxf7
40. Nxf5 Kf6 41. Ne3 Ke6 42. Ka3 Nf6 43. Kb2 Ne4 44. g4 hxg4 45. Nxg4 Nc5 46.
Ne3 Nd3+ 47. Ka3 Nxf4 48. Kb4 Ne2 49. a4 Kd6 50. h4 Ke5 51. h5 Nf4 52. h6 Ke6
53. h7 Ng6 54. Nxc4 dxc4 55. Kxc4 Ke5 56. Kb5 Kd5 57. Kxb6 Kc4 58. a5 Kxc3 59.
a6 1-0

[Event "40 Nezhmetdinov Memorial"]
[Site "Kazan"]
[Date "2018.09.18"]
[Round "6.36"]
[White "Kuzmin, Roman"]
[Black "Kozlov, Denis"]
[Result "0-1"]
[WhiteElo "2053"]
[BlackElo "2164"]
[PlyCount "92"]
[EventDate "2018.09.13"]

1. e4 c5 2. Nf3 e6 3. d4 cxd4 4. Nxd4 a6 5. Bd3 Nf6 6. O-O d6 7. c4 Bd7 8. Nc3
Nc6 9. Nxc6 Bxc6 10. b3 Be7 11. Bb2 O-O 12. Qe2 Nd7 13. Nd5 Nc5 14. Nxe7+ Qxe7
15. Bc2 e5 16. Rfd1 Ne6 17. f3 Rfd8 18. Rd2 b5 19. Bd3 b4 20. a4 a5 21. Rad1
Nc5 22. Bc2 Rd7 23. Bc1 Kf8 24. Qf2 Ke8 25. Re2 Kd8 26. Be3 Kc7 27. Red2 Rad8
28. h3 Kb7 29. Kh2 Qf6 30. Kg1 Qe7 31. Kh2 Ne6 32. Bb1 h5 33. Bb6 Ra8 34. Be3
g5 35. g4 Rh8 36. Ba7 Qd8 37. Be3 f6 38. Kg2 Qc7 39. Qg3 Nf4+ 40. Kg1 hxg4 41.
hxg4 Rdh7 42. Kf1 Rh3 43. Bxf4 gxf4 44. Qg2 Rh1+ 45. Qxh1 Rxh1+ 46. Kg2 Rh4 0-1

[Event "40 Nezhmetdinov Memorial"]
[Site "Kazan"]
[Date "2018.09.18"]
[Round "6.37"]
[White "Filippova, Margarita"]
[Black "Gabitov, Bulat"]
[Result "1/2-1/2"]
[WhiteElo "2103"]
[BlackElo "1998"]
[PlyCount "88"]
[EventDate "2018.09.13"]

1. d4 Nf6 2. Nf3 c5 3. d5 e6 4. Nc3 d6 5. e4 exd5 6. exd5 Be7 7. Be2 O-O 8. O-O
Na6 9. Nb5 Nc7 10. Nxc7 Qxc7 11. c4 Nd7 12. Bd3 Bf6 13. Ng5 g6 14. Ne4 Bg7 15.
Bf4 Ne5 16. Be2 Bf5 17. Ng3 Bd7 18. Qd2 f5 19. Bh6 Bxh6 20. Qxh6 Qd8 21. Qf4
Qf6 22. h4 Rae8 23. Rab1 Bc8 24. a3 b6 25. b4 Kg7 26. Rfd1 Re7 27. Rb3 Rfe8 28.
Nf1 Ng4 29. Bxg4 Re4 30. Qg5 Qxg5 31. hxg5 fxg4 32. Re3 h6 33. gxh6+ Kxh6 34.
Rde1 Rxe3 35. Nxe3 Kg5 36. g3 Bf5 37. Re2 Bd3 38. Rd2 Be4 39. bxc5 bxc5 40. Rb2
Re7 41. a4 Bf3 42. a5 Rh7 43. Ng2 Re7 44. Ne3 Rh7 1/2-1/2

[Event "40 Nezhmetdinov Memorial"]
[Site "Kazan"]
[Date "2018.09.18"]
[Round "6.38"]
[White "Novikov, Roman"]
[Black "Safin, Robert"]
[Result "0-1"]
[WhiteElo "1992"]
[BlackElo "2098"]
[PlyCount "92"]
[EventDate "2018.09.13"]

1. e4 c5 2. b4 cxb4 3. a3 bxa3 4. Nxa3 e5 5. Nf3 Nc6 6. Bb2 d6 7. d4 exd4 8.
Nxd4 Nf6 9. Bd3 Be7 10. Nab5 a6 11. Nxc6 bxc6 12. Nd4 Qc7 13. Qe2 O-O 14. O-O
c5 15. Nb3 Bg4 16. f3 Be6 17. c4 Rab8 18. Ra3 Rb6 19. Bc3 Qb8 20. Nd2 Nd7 21.
f4 f6 22. Rfa1 Bd8 23. g3 Qc8 24. Nb3 Nb8 25. Na5 Nc6 26. Nxc6 Qxc6 27. Qa2 a5
28. Kf2 Ra6 29. Bc2 a4 30. Ke3 Bd7 31. f5 Qc8 32. Bb2 Ba5 33. Rd3 Bb4 34. g4 a3
35. Bc1 Qc7 36. Bb3 Qa5 37. Rb1 Re8 38. Kf3 Bc6 39. Re3 Bc3 40. Bc2 Bd4 41. Re2
Qc3+ 42. Kg2 Ba4 43. h3 Bxc2 44. Rxc2 Qd3 45. Re2 Bb2 46. Re3 Qc2+ 0-1

[Event "40 Nezhmetdinov Memorial"]
[Site "Kazan"]
[Date "2018.09.18"]
[Round "6.39"]
[White "Grekhov, Luka"]
[Black "Efremov, Vladislav"]
[Result "1/2-1/2"]
[WhiteElo "1914"]
[BlackElo "2095"]
[PlyCount "80"]
[EventDate "2018.09.13"]

1. e4 c5 2. Nf3 a6 3. d4 cxd4 4. Nxd4 Nf6 5. Bd3 e5 6. Ne2 d5 7. exd5 Qxd5 8.
O-O Be6 9. Nbc3 Qc6 10. Bg5 Nbd7 11. Ng3 h6 12. Be3 Bc5 13. Bxc5 Qxc5 14. Nf5
O-O 15. Qf3 Bxf5 16. Bxf5 Qb6 17. b3 Nc5 18. Rfe1 Rfe8 19. Nd5 Qc6 20. Rad1 Kh8
21. Nxf6 Qxf6 22. b4 Ne6 23. Bxe6 Qxf3 24. gxf3 Rxe6 25. Rd7 Rc8 26. Re2 Rb6
27. Rxf7 Rxb4 28. Rxe5 Rb1+ 29. Kg2 Rb2 30. c4 Rxa2 31. Rxb7 Rc2 32. Ree7 Rg8
33. Rec7 a5 34. Ra7 Ra2 35. Rc5 a4 36. Rca5 Rc8 37. Rxa4 Rc2 38. Rb4 R2xc4 39.
Rxc4 Rxc4 40. Ra8+ Kh7 1/2-1/2

[Event "40 Nezhmetdinov Memorial"]
[Site "Kazan"]
[Date "2018.09.18"]
[Round "6.40"]
[White "Vorobiev, Sergey"]
[Black "Nikolaeva, Ksenya"]
[Result "1-0"]
[WhiteElo "2092"]
[BlackElo "1874"]
[PlyCount "45"]
[EventDate "2018.09.13"]

1. d4 d5 2. Bf4 Nf6 3. e3 c5 4. Nc3 a6 5. dxc5 Nc6 6. a3 e5 7. Bg5 d4 8. exd4
Qxd4 9. Be3 Qxd1+ 10. Rxd1 Ng4 11. Nd5 Nxe3 12. Nc7+ Ke7 13. fxe3 Rb8 14. Bc4
g6 15. Ne2 Bh6 16. Nc3 Bg4 17. Rd6 Rhd8 18. Rf1 Rxd6 19. Rxf7+ Kd8 20. cxd6
Bxe3 21. Ne4 Bf5 22. Nf6 Bh6 23. Rxh7 1-0

[Event "40 Nezhmetdinov Memorial"]
[Site "Kazan"]
[Date "2018.09.18"]
[Round "6.41"]
[White "Smorodkin, Kirill"]
[Black "Khazieva, Elza"]
[Result "0-1"]
[WhiteElo "1875"]
[BlackElo "2083"]
[PlyCount "88"]
[EventDate "2018.09.13"]

1. e4 c5 2. Nf3 e6 3. d4 cxd4 4. Nxd4 a6 5. Nc3 Qc7 6. Bd3 Nf6 7. O-O Nc6 8.
Nb3 Be7 9. Be3 Ne5 10. Be2 d6 11. f4 Nc4 12. Bxc4 Qxc4 13. Qf3 O-O 14. Rae1 Bd7
15. a3 Qc7 16. g4 d5 17. e5 Ne4 18. Bd4 Nxc3 19. bxc3 Bb5 20. f5 Bxf1 21. f6
Bb5 22. fxe7 Qxe7 23. Bc5 Qh4 24. Ra1 Rfc8 25. Bd6 d4 26. Nxd4 Bc4 27. Qf4 h5
28. Rb1 Bd5 29. Rf1 Qxg4+ 30. Qxg4 hxg4 31. Rf4 Rxc3 32. Rxg4 Rc4 33. Kf2 Rac8
34. h4 Rc3 35. Be7 Kh7 36. Rf4 R8c4 37. Bb4 Rxc2+ 38. Ke3 Rh2 39. Kd3 Rh3+ 40.
Kd2 Rg3 41. Ke2 Kg6 42. Kf2 Rg2+ 43. Ke3 f6 44. Ne2 Rxe2+ 0-1

[Event "40 Nezhmetdinov Memorial"]
[Site "Kazan"]
[Date "2018.09.18"]
[Round "6.42"]
[White "Martynyuk, Elizaveta"]
[Black "Ismailov, Amir"]
[Result "1-0"]
[WhiteElo "2078"]
[BlackElo "1716"]
[PlyCount "79"]
[EventDate "2018.09.13"]

1. e4 c5 2. Nf3 d6 3. Nc3 Nf6 4. d4 cxd4 5. Nxd4 a6 6. Be3 e5 7. Nf3 Be7 8. Bc4
h6 9. O-O Nc6 10. h3 Be6 11. Qe2 O-O 12. Rad1 Qc7 13. Bxe6 fxe6 14. Qc4 Qd7 15.
Bb6 Rac8 16. Qb3 Kh8 17. Rfe1 Bd8 18. Na4 Qe7 19. Rd3 Na5 20. Bxd8 Rfxd8 21.
Qb6 Nc4 22. Qb4 b5 23. Nc3 Qc7 24. a4 d5 25. axb5 a5 26. Qb3 a4 27. Qb4 dxe4
28. Rxd8+ Rxd8 29. Nxe4 Nxe4 30. Rxe4 Rd1+ 31. Re1 Rxe1+ 32. Nxe1 e4 33. Qxa4
e3 34. Qa8+ Kh7 35. Qe4+ Kh8 36. fxe3 Qg3 37. Nf3 Nxb2 38. Qe5 Qxe5 39. Nxe5
Na4 40. Nd7 1-0

[Event "40 Nezhmetdinov Memorial"]
[Site "Kazan"]
[Date "2018.09.18"]
[Round "6.43"]
[White "Makov, Artem"]
[Black "Volkov, Roman"]
[Result "0-1"]
[WhiteElo "1818"]
[BlackElo "2065"]
[PlyCount "120"]
[EventDate "2018.09.13"]

1. d4 Nf6 2. Nf3 g6 3. c4 Bg7 4. Nc3 d5 5. Bg5 Ne4 6. Bh4 Nxc3 7. bxc3 dxc4 8.
Qa4+ Nd7 9. Qxc4 c5 10. e3 Qa5 11. Be2 cxd4 12. exd4 Nf6 13. O-O O-O 14. Qb3 b6
15. Ne5 Be6 16. c4 Rac8 17. Bf3 Qa6 18. d5 Bf5 19. Nc6 Rfe8 20. Rae1 e5 21.
Rxe5 Rxe5 22. Nxe5 Rc5 23. Rc1 Ne4 24. Bxe4 Bxe4 25. Nc6 Bh6 26. Nb4 Qc8 27.
Re1 Rxc4 28. Nc6 Qg4 29. Bg3 Bc2 30. Qb2 Re4 31. Rf1 Qe2 32. f3 Be3+ 33. Bf2
Bxf2+ 34. Rxf2 Qd1+ 35. Rf1 Re1 36. Qb5 Bd3 37. Qxd3 Qxd3 38. Rxe1 Kg7 39. Ne7
Qd2 40. Kf1 Qxa2 41. d6 Qc4+ 42. Re2 Kf8 43. Nxg6+ hxg6 44. d7 Qxe2+ 45. Kxe2
Ke7 46. h4 Kxd7 47. g4 Ke7 48. f4 b5 49. Ke3 a5 50. Kd4 a4 51. Kc3 a3 52. Kb3
b4 53. Ka2 Ke6 54. Kb3 f6 55. Ka2 Kd5 56. f5 gxf5 57. h5 Ke6 58. h6 Kf7 59.
gxf5 Kg8 60. Kb3 Kh7 0-1

[Event "40 Nezhmetdinov Memorial"]
[Site "Kazan"]
[Date "2018.09.18"]
[Round "6.44"]
[White "Kopylov, Artem"]
[Black "Bulatova, Kamaliya"]
[Result "0-1"]
[WhiteElo "1779"]
[BlackElo "2137"]
[PlyCount "80"]
[EventDate "2018.09.13"]

1. d4 Nf6 2. c4 e6 3. g3 d5 4. Bg2 dxc4 5. Nf3 Bb4+ 6. Bd2 c5 7. a3 Bxd2+ 8.
Nbxd2 cxd4 9. Nxc4 Nc6 10. O-O O-O 11. Rc1 a5 12. Qd3 Nd7 13. Rfd1 e5 14. Qc2
Qf6 15. Nfd2 Ra6 16. Ne4 Qg6 17. Qb3 a4 18. Qb5 Na7 19. Qd5 Re6 20. Ncd6 Nf6
21. Nxf6+ Qxf6 22. Nxc8 Nxc8 23. Qxb7 Ne7 24. Rc2 g6 25. Qb4 Ra6 26. Rdc1 Qd6
27. Qxd6 Rxd6 28. Rc4 Rb6 29. Rxa4 Rxb2 30. Bf3 Nf5 31. Kg2 Re8 32. Rd1 h5 33.
Bd5 Rxe2 34. Kf3 Rc2 35. Ra7 Re7 36. Ra8+ Kg7 37. a4 Rec7 38. Rd3 R7c5 39. Be4
Nd6 40. Rb8 f5 0-1

[Event "40 Nezhmetdinov Memorial"]
[Site "Kazan"]
[Date "2018.09.18"]
[Round "6.45"]
[White "Pogorelskikh, Sofia"]
[Black "Norkin, Yaks"]
[Result "1-0"]
[WhiteElo "2037"]
[BlackElo "1752"]
[PlyCount "71"]
[EventDate "2018.09.13"]

1. e4 d5 2. exd5 Qxd5 3. Nc3 Qa5 4. d4 e5 5. Nf3 Bg4 6. Bc4 exd4 7. Qxd4 Bxf3
8. Qe3+ Be7 9. Qxf3 Bf6 10. Qxb7 Bxc3+ 11. bxc3 Qxc3+ 12. Kd1 Ne7 13. Qxa8 O-O
14. Qe4 Qxa1 15. Qxe7 Nc6 16. Qe4 Ne5 17. Bb3 c5 18. Ke2 c4 19. Ba3 Qxh1 20.
Bxf8 Kxf8 21. Qxe5 cxb3 22. Qb8+ Ke7 23. Qxa7+ Kf6 24. Qd4+ Ke6 25. Qe3+ Kf6
26. Qf3+ Ke7 27. Qe4+ Kf6 28. Qh4+ Ke6 29. Qh3+ Ke7 30. axb3 h6 31. c4 Qb1 32.
Qe3+ Kf8 33. g3 g5 34. c5 f6 35. Qd3 g4 36. Qxb1 1-0

[Event "40 Nezhmetdinov Memorial"]
[Site "Kazan"]
[Date "2018.09.18"]
[Round "6.46"]
[White "Khabibullin, Ruslan"]
[Black "Ismagilov, Igor"]
[Result "0-1"]
[WhiteElo "1517"]
[BlackElo "1952"]
[PlyCount "98"]
[EventDate "2018.09.13"]

1. d4 c5 2. d5 g6 3. e4 Bg7 4. c4 d6 5. Nc3 e6 6. Nf3 Ne7 7. Bd3 h6 8. Bf4 g5
9. Bg3 Ng6 10. Qd2 a6 11. h3 e5 12. O-O O-O 13. a3 Nf4 14. Bc2 Qf6 15. Nh2 h5
16. f3 Bh6 17. Qd1 Kh7 18. b4 Nd7 19. Bf2 b6 20. Rb1 Qd8 21. Re1 Nf6 22. Ne2
Rg8 23. Nxf4 gxf4 24. Kf1 Ne8 25. h4 Qf6 26. Re2 Rg3 27. Kg1 Rg6 28. Kh1 Qd8
29. Bd3 Bf8 30. Qe1 Nc7 31. Reb2 Be7 32. bxc5 bxc5 33. Rb6 Nb5 34. Bxc5 Bxh4
35. Qd2 dxc5 36. Rxg6 fxg6 37. cxb5 axb5 38. Rxb5 Ba6 39. Rxc5 Bg3 40. Nf1 Qh4+
41. Kg1 Be1 42. Rc7+ Kh6 43. g3 Bxd2 44. gxh4 Ba5 45. Re7 Bxd3 46. Rxe5 Bb6+
47. Kg2 Rxa3 48. Nh2 Ra2+ 49. Kh1 Ra1+ 0-1

[Event "40 Nezhmetdinov Memorial"]
[Site "Kazan"]
[Date "2018.09.18"]
[Round "6.48"]
[White "Fonichkin, Egor"]
[Black "Mochalin, Faddey"]
[Result "0-1"]
[WhiteElo "1692"]
[BlackElo "2100"]
[PlyCount "92"]
[EventDate "2018.09.13"]

1. g3 d5 2. Nf3 Bg4 3. Bg2 Nd7 4. d4 Ngf6 5. Ne5 Bf5 6. O-O e6 7. Bf4 Be7 8.
Nd2 O-O 9. c4 c6 10. Qb3 Qb6 11. Qxb6 axb6 12. cxd5 exd5 13. Bg5 h6 14. Bxf6
Nxf6 15. a3 Ra4 16. e3 b5 17. Nb1 Rfa8 18. Nc3 R4a6 19. Rac1 b4 20. axb4 Bxb4
21. h3 Kf8 22. g4 Bh7 23. h4 Ne8 24. g5 hxg5 25. hxg5 Nd6 26. Nd7+ Ke8 27. Ne5
Bf5 28. f3 f6 29. gxf6 gxf6 30. e4 fxe5 31. dxe5 Bc5+ 32. Kh2 Be3 33. Rce1 d4
34. exd6 Be6 35. f4 Bc4 36. Ne2 Ra2 37. Bf3 Rxb2 38. Kg3 Raa2 39. Nc1 Bxf1 40.
Rxf1 Ra1 41. Rh1 Rxc1 42. Rh8+ Kd7 43. e5 Rg1+ 44. Kh3 Bxf4 45. Rh7+ Ke6 46.
Bg4+ Kxe5 0-1

[Event "40 Nezhmetdinov Memorial"]
[Site "Kazan"]
[Date "2018.09.18"]
[Round "6.49"]
[White "Salimova, Dinara"]
[Black "Nikolaev, Matvei"]
[Result "0-1"]
[WhiteElo "1467"]
[BlackElo "1807"]
[PlyCount "114"]
[EventDate "2018.09.13"]

1. d4 Nf6 2. c4 g6 3. Nc3 Bg7 4. e4 d6 5. f3 O-O 6. Be3 Nc6 7. Nge2 a6 8. Qd2
Na5 9. b3 b5 10. Ng3 h5 11. Bd3 c5 12. cxb5 axb5 13. O-O b4 14. Na4 Bd7 15. Nb2
cxd4 16. Bxd4 Nc6 17. Be3 d5 18. Rfd1 h4 19. Ne2 dxe4 20. Bxe4 Nxe4 21. fxe4
Bg4 22. Qc2 Qc7 23. Rdc1 Rfc8 24. h3 Bxe2 25. Qxe2 Qe5 26. Nc4 Qxe4 27. Nb6 Bd4
28. Nxa8 Qxe3+ 29. Qxe3 Bxe3+ 30. Kh1 Bxc1 31. Rxc1 Rxa8 32. Rxc6 Rxa2 33. Rc4
Ra1+ 34. Kh2 Rb1 35. Rxb4 g5 36. Rb8+ Kg7 37. b4 Kf6 38. b5 Kf5 39. b6 f6 40.
b7 e5 41. g4+ hxg3+ 42. Kxg3 Rb2 43. Kf3 Rb3+ 44. Ke2 Ke4 45. Rf8 Rxb7 46. Rxf6
Rb2+ 47. Kf1 Rh2 48. Rh6 g4 49. h4 Kf3 50. Kg1 Kg3 51. Re6 Ra2 52. Kf1 Kh2 53.
h5 g3 54. Rg6 g2+ 55. Ke1 g1=Q+ 56. Rxg1 Kxg1 57. h6 Rh2 0-1

[Event "40 Nezhmetdinov Memorial"]
[Site "Kazan"]
[Date "2018.09.18"]
[Round "6.50"]
[White "Semenova, Anastasia"]
[Black "Lazarev, Artem"]
[Result "1-0"]
[WhiteElo "1775"]
[BlackElo "1671"]
[PlyCount "53"]
[EventDate "2018.09.13"]

1. e4 c6 2. d4 d5 3. exd5 cxd5 4. Bd3 Nc6 5. c3 Nf6 6. Bf4 g6 7. h3 Bf5 8. Nf3
Qb6 9. Bxf5 gxf5 10. Qb3 e6 11. Na3 Bxa3 12. Qxa3 Ne4 13. Ne5 Nxe5 14. Bxe5 f6
15. Bh2 e5 16. f3 Nd6 17. O-O-O Nb5 18. Qb3 exd4 19. a4 Nxc3 20. Qxb6 Na2+ 21.
Kb1 axb6 22. Rxd4 b5 23. Kxa2 bxa4 24. Rxd5 Rg8 25. Re1+ Kf8 26. Bd6+ Kg7 27.
Rxf5 1-0

[Event "40 Nezhmetdinov Memorial"]
[Site "Kazan"]
[Date "2018.09.18"]
[Round "6.51"]
[White "Zaripova, Arina"]
[Black "Razhbadinov, Rasul"]
[Result "1/2-1/2"]
[WhiteElo "1752"]
[BlackElo "1516"]
[PlyCount "102"]
[EventDate "2018.09.13"]

1. e4 e5 2. Nf3 Nc6 3. Nc3 Nf6 4. Be2 Be7 5. O-O O-O 6. d4 Bb4 7. Nd5 Nxd5 8.
exd5 Nxd4 9. Nxd4 exd4 10. Qxd4 Be7 11. c3 Bf6 12. Qd3 d6 13. Be3 Re8 14. Rae1
g6 15. f4 Bf5 16. Qd2 Qd7 17. h3 h5 18. Bf3 Re7 19. Bd4 Bxd4+ 20. Qxd4 b6 21.
Rxe7 Qxe7 22. g4 hxg4 23. hxg4 Bd7 24. Kg2 f5 25. Rh1 Qg7 26. Qxg7+ Kxg7 27. g5
Re8 28. Kf2 Bb5 29. Rd1 Rh8 30. Rh1 Rxh1 31. Bxh1 Kf7 32. Ke3 Ke7 33. b3 a5 34.
c4 Ba6 35. Bf3 Kd7 36. Kd4 Bb7 37. Be2 Ba6 38. a3 Ke7 39. b4 axb4 40. axb4 Kd7
41. Bd1 b5 42. Be2 bxc4 43. Bxc4 Bxc4 44. Kxc4 Kc8 45. Kb5 Kb7 46. Ka5 Ka7 47.
b5 Kb7 48. b6 cxb6+ 49. Kb5 Kc7 50. Ka6 b5 51. Kxb5 Kb7 1/2-1/2

[Event "40 Nezhmetdinov Memorial"]
[Site "Kazan"]
[Date "2018.09.18"]
[Round "6.52"]
[White "Rafikov, Danis"]
[Black "Khusnutdinov, Abdul"]
[Result "0-1"]
[WhiteElo "1307"]
[BlackElo "1724"]
[PlyCount "72"]
[EventDate "2018.09.13"]

1. e4 c6 2. d4 d5 3. exd5 cxd5 4. Bd3 Nc6 5. c3 Nf6 6. Bf4 Bg4 7. Qb3 Qd7 8.
Nd2 e6 9. Ngf3 Bxf3 10. Nxf3 Be7 11. Ne5 Qc8 12. h3 O-O 13. O-O Nxe5 14. Bxe5
a6 15. a4 Qc6 16. a5 Nd7 17. Bh2 Bd6 18. Bxd6 Qxd6 19. f4 Rfb8 20. f5 e5 21.
dxe5 Qc5+ 22. Kh1 Nxe5 23. Be2 b5 24. Rad1 Nc4 25. Rd4 Re8 26. Bf3 Rad8 27.
Rfd1 Ne3 28. Bxd5 Nxd1 29. Bxf7+ Kh8 30. Bxe8 Nf2+ 31. Kg1 Rxe8 32. Kxf2 Qxf5+
33. Kg3 Re3+ 34. Kh4 g5+ 35. Kh5 Qg6+ 36. Kg4 h5# 0-1

[Event "40 Nezhmetdinov Memorial"]
[Site "Kazan"]
[Date "2018.09.18"]
[Round "6.53"]
[White "Khanukaev, Mark"]
[Black "Guzhova, Amina"]
[Result "1/2-1/2"]
[WhiteElo "1182"]
[BlackElo "1554"]
[PlyCount "63"]
[EventDate "2018.09.13"]

1. d4 Nf6 2. c4 g6 3. Nc3 Bg7 4. e4 d6 5. f3 Nbd7 6. Be3 O-O 7. Nge2 e5 8. d5
a6 9. Qd2 Re8 10. h4 h5 11. Nc1 Nf8 12. Nd3 Qe7 13. a4 Bd7 14. b4 Reb8 15. c5
Qd8 16. cxd6 cxd6 17. a5 Be8 18. Bb6 Qe7 19. Nb2 N8d7 20. Be3 Rc8 21. Nc4 Rab8
22. Na4 Rd8 23. Nab6 Nxb6 24. Bxb6 Rd7 25. Ba7 Rbd8 26. Bb6 Rb8 27. g3 Nh7 28.
Bh3 f5 29. Ba7 Rbd8 30. Bb6 Rb8 31. Ba7 Rbd8 32. Bb6 1/2-1/2

[Event "40 Nezhmetdinov Memorial"]
[Site "Kazan"]
[Date "2018.09.18"]
[Round "6.54"]
[White "Nagaeva, Aliia"]
[Black "Muldiarov, Valerij"]
[Result "0-1"]
[WhiteElo "1605"]
[BlackElo "1737"]
[PlyCount "94"]
[EventDate "2018.09.13"]

1. d4 Nf6 2. Bf4 g6 3. e3 Bg7 4. Nf3 O-O 5. h3 d6 6. Be2 Nbd7 7. O-O c5 8. c3
a6 9. Nbd2 b5 10. Qb3 c4 11. Qc2 Re8 12. e4 e5 13. Be3 Nh5 14. Rfd1 Qe7 15. Nh2
Nf4 16. Bxf4 exf4 17. Re1 Ra7 18. Bg4 h5 19. Bxd7 Bxd7 20. Nhf3 Qd8 21. Qd1 Bc6
22. d5 Bd7 23. Nd4 Qc8 24. Qf3 Be5 25. Rad1 Qd8 26. Nf1 Qf6 27. Nh2 Rc7 28. Qe2
Rcc8 29. Nhf3 Kg7 30. Nxe5 dxe5 31. Nc2 Qg5 32. Qf3 Rcd8 33. Nb4 Bc8 34. Nc6
Rd6 35. Kh2 Bd7 36. Nb4 a5 37. Nc2 Rb8 38. g3 Rf6 39. Rg1 fxg3+ 40. Qxg3 Qxg3+
41. fxg3 Rbb6 42. Rdf1 g5 43. Ne3 Kg6 44. Kg2 Rxf1 45. Rxf1 Rf6 46. Rxf6+ Kxf6
47. g4 hxg4 0-1

[Event "40 Nezhmetdinov Memorial"]
[Site "Kazan"]
[Date "2018.09.19"]
[Round "7.11"]
[White "Khanin, Semen"]
[Black "Tunik, Gennady"]
[Result "1/2-1/2"]
[WhiteElo "2507"]
[BlackElo "2367"]
[PlyCount "81"]
[EventDate "2018.09.13"]

1. e4 c5 2. Nf3 e6 3. d4 cxd4 4. Nxd4 a6 5. c4 Nf6 6. Nc3 Bb4 7. Qd3 d6 8. Nc2
Bxc3+ 9. Qxc3 e5 10. f3 Be6 11. Be2 Nbd7 12. b3 Qc7 13. Ba3 O-O 14. Qd2 Nc5 15.
O-O Rfd8 16. Ne3 b5 17. Rac1 Qb6 18. Kh1 h6 19. b4 Na4 20. Bd1 Qd4 21. Qf2 Nc3
22. Bb2 Nxd1 23. Rfxd1 Qa7 24. c5 dxc5 25. Rxd8+ Rxd8 26. bxc5 Rc8 27. Nd5 Nxd5
28. exd5 Bxd5 29. Bxe5 f6 30. Bd6 Qf7 31. a3 Bc6 32. Re1 Re8 33. h3 a5 34.
Rxe8+ Qxe8 35. Qd2 a4 36. Bf4 Qe6 37. Kh2 g5 38. Qd8+ Kf7 39. Qc7+ Qd7 40.
Qxd7+ Bxd7 41. Bd2 1/2-1/2